000 00956nam a2200205Ia 4500
003 GCL
005 20240530104921.0
008 140319s9999 xx 000 0 ara d
040 _aGCL /
_cGCL
082 0 4 _aم
_b810.8
_bن ن
100 1 _aالنويرى : شهاب الدين احمد بن عبدالوهاب بن محمد بن عبدالدائم القرشى
245 1 0 _aنهاية الارب فى فنون الادب (الجزء الثانى والثلاثون) - (الجزء الثالث والثلاثون) /
_cالنويرى : شهاب الدين احمد بن عبدالوهاب بن محمد بن عبدالدائم القرشى
300 _a3 مج ؛
_c28 سم
490 _aالهيئة العامة للاستعلامات
_v0
650 0 4 _aالادب العربى
650 0 4 _aالتاريخ الاسلامى
650 0 4 _aالادب العربى - مجموعات
700 1 _aعبدالعزيز الاهوانى
942 _2ddc
_cBK
999 _c51761
_d51761